among us quiz #2 (inner sloth editon) - Statistics

General Stats
  • This quiz has been taken 250 times
  • The average score is 4 of 7
Answer Stats
Question Answer % Correct
true or false: among us is made by Innersloth true
100%
true or false: Innersloth was made by 2 people false
75%
true or false: Roblox copied Minecraft (sorry this is not among us just this one real quick lol) false
50%
true or false: Innersloth was made by 4 people false
50%
true or false: Innersloth was made by 5 people false
50%
true or false: in September 2020 among us was more popular then Roblox, Minecraft and Fortnite true
50%
true or false: Innersloth was made by 3 people true
25%
No matching quizzes found
Score Distribution
Percent of People with Each Score
Percentile by Number Answered
Your Score History
You have not taken this quiz